scholars and prophets : (Record no. 75803)

MARC details
000 -LEADER
fixed length control field 00794nam a22002177a 4500
005 - DATE AND TIME OF LATEST TRANSACTION
control field 20130521115536.0
010 ## - LCCN (DPL NO)
LC control number ENG-107201
020 ## - INTERNATIONAL STANDARD BOOK NUMBER
International Standard Book Number 9788187358701
Terms of availability 795.00
035 ## - SYSTEM CONTROL NUMBER
System control number EN-90734
037 ## - SOURCE OF ACQUISITION
Source of stock number/acquisition DBAD/PUB
082 ## - DEWEY DECIMAL CLASSIFICATION NUMBER
Classification number 954.0072
100 ## - MAIN ENTRY--PERSONAL NAME
Personal name Lardinois, Roland
245 00 - TITLE STATEMENT
Title scholars and prophets :
Remainder of title sociology of India from France in the 19th - 20th centuries /
Statement of responsibility, etc by Roland Lardinois ; translated from the French by Renuka George
260 ## - PUBLICATION, DISTRIBUTION, ETC. (IMPRINT)
Place of publication, distribution, etc New Delhi
Name of publisher, distributor, etc Social Science Press
Date of publication, distribution, etc 2013
270 ## - ADDRESS
Address 69, Jor Bagh
City New Delhi
Postal code 110003
300 ## - PHYSICAL DESCRIPTION
Extent x, 564p.
Dimensions 23cm(Hb)
490 ## - SERIES STATEMENT
Series statement French writings on India and South Asia
500 ## - GENERAL NOTE
General note Includes bibliographical references (p. [488]-534) and indexes.
700 ## - ADDED ENTRY--PERSONAL NAME
Personal name George, Renuka
942 ## - ADDED ENTRY ELEMENTS (KOHA)
Source of classification or shelving scheme Dewey Decimal Classification
Item type English Books
Call number suffix LAR
Classification part 954.0072
Holdings
Withdrawn status Lost status Not for loan Collection code Home library Current library Date acquired Source of acquisition Cost, normal purchase price Full call number Barcode Copy number Cost, replacement price Koha item type
    Not For Loan Non-fiction D.B.Act.Division D.B.Act.Division 20/05/2013 DBAD/PUB 795.00 954.0072 LAR EN-90734 1 795.00 English Books

© Delhi Public Library
Hit Counter
free hit counter